| 000 | 00581nam a2200181Ia 4500 | ||
|---|---|---|---|
| 008 | 100921s9999 xx 000 0 und d | ||
| 082 |
_b23131 _a791.5 0 |
||
| 100 | _aपानवलकर श्री.दा. | ||
| 245 | _aशुटींग. | ||
| 260 |
_bमौज प्रकाशन,मुंबई. _c0 |
||
| 300 |
_a0 _bमौज प्रकाशन,मुंबई |
||
| 365 | _b65 | ||
| 520 | _aकला-चित्रपट. | ||
| 630 | _aशुटींग. | ||
| 650 | _aकला-चित्रपट. | ||
| 730 | _aशुटींग. | ||
| 942 | _cBOOK | ||
| 999 |
_c772244 _d772241 |
||